| 000 | 01203nam a2200301 a 4500 | ||
|---|---|---|---|
| 001 | 000017234 | ||
| 003 | DO-SdBNP | ||
| 005 | 20250617100212.0 | ||
| 007 | ta | ||
| 008 | 100322s1984 dr a 000 0 spa d | ||
| 040 |
_aDO-SdBNP _bspa _cBNPHU _erda |
||
| 041 | _hspa | ||
| 082 |
_a468 _bC749a |
||
| 111 | 1 |
_aCongreso Internacional de la Asociación de Lingüística y Filología de América Latina _n(7mo : _d17-21 de septiembre de 1984 : _cSanto Domingo, República Dominicana) _937891 |
|
| 245 | 1 | 0 |
_aActas del VII Congreso Asociación de Lingüística y Filología de América Latina (ALFAL) / _cedición Rafael González Tirado. |
| 260 |
_aSanto Domingo : _bALFAL, Filial Dominicana, _c1984. |
||
| 300 |
_a2 v. ; _c22 cm. |
||
| 500 | _a"En homenaje a Pedro Henríquez Ureña". | ||
| 500 | _aIncluye notas al pie de las páginas. | ||
| 590 | _aInventariado, 2018/LP | ||
| 600 | 1 | 0 |
_aHenríquez Ureña, Pedro, _d1884-1946 _xCrítica e interpretación _91718 |
| 650 | 4 |
_aDialectología _927827 |
|
| 650 | 4 |
_aLinguística _91604 |
|
| 650 | 0 |
_aSociolingüística _927887 |
|
| 700 | 1 |
_aGonzález Tirado, Rafael, _eed. _93030 |
|
| 910 | _aValidado. Control de calidad BNPHU | ||
| 942 |
_2ddc _cLBS1 |
||
| 999 |
_c16759 _d16759 |
||